[Event "RSA-ch (Women)"]
[Site "Cape Town"]
[Date "2024.04.02"]
[Round "11"]
[White "Van Zyl, Bea"]
[Black "Boshoma, Chisomo"]
[Result "0-1"]
[WhiteElo "1507"]
[BlackElo "1780"]
[PlyCount "38"]
[EventDate "2024.03.25"]
[EventType "tourn"]
[EventRounds "11"]
[EventCountry "RSA"]
[SourceTitle "CB14_2024"]
[SourceDate "2024.04.01"]
[SourceVersion "1"]
[SourceVersionDate "2024.04.01"]
[SourceQuality "1"]

1. e4 e6 2. d4 d5 3. e5 c5 4. c3 Qb6 5. a3 Nc6 6. Nf3 Nh6 7. b4 cxd4 8. cxd4 Nf5 9. Bb2 Bd7 10. Be2 h5 11. Qd3 Rc8 12. Nbd2 Na5 13. 0-0 Nc4 14. Nxc4 dxc4 15. Qc3 Qd8 16. a4 Bc6 17. b5 Bd5 18. Rac1 a5 19. Rc2 Bb4 0-1

[Event "Isola del Sole op"]
[Site "Grado"]
[Date "2023.09.29"]
[Round "8"]
[White "Peter Anand, A."]
[Black "Boshoma, Chisomo"]
[Result "1/2-1/2"]
[WhiteElo "1949"]
[BlackElo "1711"]
[PlyCount "127"]
[EventDate "2023.09.23"]
[EventType "swiss"]
[EventRounds "9"]
[EventCountry "ITA"]
[SourceTitle "EXT 2024"]
[Source "ChessBase"]
[SourceDate "2023.10.10"]
[SourceVersion "1"]
[SourceVersionDate "2023.10.10"]
[SourceQuality "1"]

1. d4 d5 2. c4 e6 3. Nc3 c6 4. cxd5 exd5 5. Nf3 Nf6 6. Bg5 Be7 7. Qc2 g6 8. e3 Bf5 9. Bd3 Bxd3 10. Qxd3 Nbd7 11. a3 0-0 12. Nd2 Re8 13. 0-0 Nb6 14. Bxf6 Bxf6 15. b4 a6 16. a4 Qd6 17. Rab1 Bg7 18. Rfc1 Rec8 19. Nb3 Bh6 20. Nc5 Rc7 21. b5 cxb5 22. axb5 a5 23. Ra1 Nd7 24. Nxd7 Rxd7 25. Na4 Bg5 26. b6 Bd8 27. Qb5 Re7 28. Rc5 Re6 29. Rxd5 Qb4 30. Rb1 Qa3 31. Rc5 Kg7 32. h3 Ra6 33. Qxa6 bxa6 34. b7 Qxa4 35. b8Q Be7 36. Re5 Bd6 37. Qc8 Bxe5 38. dxe5 Qe4 39. Rb8 Qxe5 40. Qf8+ Kf6 41. Qh8+ Kf5 42. Qg8 Kf6 43. g4 g5 44. h4 gxh4 45. Kg2 Qd5+ 46. f3 Qd2+ 47. Kh3 Qxe3 48. Qh8+ Kg5 49. Qg7+ Rg6 50. Qxf7 Qe5 51. f4+ Qxf4 52. Qe7+ Qf6 53. Qe3+ Qf4 54. Qc5+ Kh6 55. Qh5+ Kg7 56. Rb7+ Kf8 57. Qc5+ Kg8 58. Qc8+ Qf8 59. Qc4+ Kh8 60. Qd4+ Qf6 61. Rb8+ Kg7 62. Rb7+ Kh8 63. Rb8+ Kg7 64. Rb7+ 1/2-1/2

[Event "Africa-ch U12 Girls"]
[Site "Windhoek"]
[Date "2019.12.16"]
[Round "2.4"]
[White "Boshoma, Chisomo"]
[Black "Antonio, Resiane Kendres Ari"]
[Result "1-0"]
[WhiteElo "1367"]
[BlackElo "1107"]
[PlyCount "121"]
[EventDate "2019.12.16"]
[EventType "swiss"]
[EventRounds "9"]
[EventCountry "NAM"]
[SourceTitle "EXT 2024"]
[Source "ChessBase"]
[SourceDate "2023.10.10"]
[SourceVersion "1"]
[SourceVersionDate "2023.10.10"]
[SourceQuality "1"]

1. e4 e5 2. Nf3 Nc6 3. Bb5 Qf6 4. 0-0 Bc5 5. c3 Nh6 6. h3 a6 7. Ba4 Qg6 8. d3 d5 9. Nxe5 Qd6 10. Nxc6 bxc6 11. d4 Bb6 12. exd5 Qxd5 13. Re1+ Be6 14. Bxc6+ Qxc6 15. d5 Qc5 16. Be3 Qd6 17. dxe6 Bxe3 18. Qxd6 Bxf2+ 19. Kxf2 cxd6 20. exf7+ Kxf7 21. Nd2 Rhe8 22. Rxe8 Rxe8 23. Re1 Rb8 24. b3 Nf5 25. g4 Ne7 26. Ne4 Rf8 27. Nxd6+ Kg6+ 28. Kg3 Nd5 29. Re6+ Nf6 30. Nf5 h5 31. Rxa6 Kg5 32. Ra4 Rd8 33. Rd4 h4+ 34. Nxh4 Rxd4 35. cxd4 Ne4+ 36. Kf3 Nd2+ 37. Ke2 Nb1 38. Nf3+ Kf4 39. a4 Nc3+ 40. Kd3 Nd5 41. Ne5 g5 42. a5 Kg3 43. Kc4 Nc7 44. d5 Kxh3 45. d6 Ne6 46. a6 Nd8 47. a7 Nc6 48. Nxc6 Kxg4 49. a8Q Kf3 50. Qg8 Kf4 51. Qxg5+ Kxg5 52. d7 Kf6 53. d8Q+ Ke6 54. Qd5+ Kf6 55. Qe5+ Kf7 56. Qd6 Kg7 57. Qe6 Kf8 58. Qe7+ Kg8 59. Nd8 Kh8 60. Ne6 Kg8 61. Qg7# 1-0

[Event "RSA-ch U20 Girls"]
[Site "Cape Town"]
[Date "2019.12.11"]
[Round "8"]
[White "Bouwer, Dane"]
[Black "Boshoma, Chisomo"]
[Result "1-0"]
[WhiteElo "1155"]
[BlackElo "1367"]
[PlyCount "113"]
[EventDate "2019.12.07"]
[EventType "tourn"]
[EventRounds "10"]
[EventCountry "RSA"]
[SourceTitle "CBM 193 Extra"]
[Source "ChessBase"]
[SourceDate "2020.01.31"]
[SourceVersion "1"]
[SourceVersionDate "2020.01.31"]
[SourceQuality "1"]

1. e4 c6 2. d4 d5 3. e5 Bf5 4. Bd3 Bxd3 5. Qxd3 e6 6. Nf3 Nd7 7. 0-0 Ne7 8. Bg5 Qb6 9. Nbd2 Nf5 10. Rab1 c5 11. c3 Rc8 12. Rfe1 cxd4 13. cxd4 Bb4 14. a3 Bxd2 15. Qxd2 h6 16. Be3 0-0 17. Rec1 Rc6 18. h3 Rfc8 19. Rxc6 bxc6 20. b4 a5 21. Qd3 axb4 22. Rxb4 Qa7 23. Qb3 Rb8 24. Rxb8+ Qxb8 25. Qxb8+ Nxb8 26. Bd2 Kf8 27. Kf1 Ke8 28. Ke2 Na6 29. Kd3 c5 30. dxc5 Nxc5+ 31. Kc2 Kd7 32. g4 Ne7 33. Bb4 Ne4 34. Be1 Nc6 35. Kb3 Na5+ 36. Bxa5 Nxf2 37. Ng1 f6 38. exf6 gxf6 39. Bd2 d4 40. Bxh6 e5 41. g5 fxg5 42. Bxg5 Kd6 43. h4 e4 44. h5 e3 45. h6 e2 46. Nxe2 d3 47. Nc3 d2 48. Bxd2 Ng4 49. h7 Nf6 50. h8Q Ke6 51. Qc8+ Nd7 52. Qe8+ Kd6 53. Bf4+ Kc6 54. Qc8+ Kb6 55. Qxd7 Ka6 56. Qc6+ Ka7 57. Nb5# 1-0

[Event "RSA-ch U20 Girls"]
[Site "Cape Town"]
[Date "2019.12.10"]
[Round "6"]
[White "Strong, Davida"]
[Black "Boshoma, Chisomo"]
[Result "1-0"]
[WhiteElo "1237"]
[BlackElo "1367"]
[PlyCount "79"]
[EventDate "2019.12.07"]
[EventType "tourn"]
[EventRounds "10"]
[EventCountry "RSA"]
[SourceTitle "CBM 193 Extra"]
[Source "ChessBase"]
[SourceDate "2020.01.31"]
[SourceVersion "1"]
[SourceVersionDate "2020.01.31"]
[SourceQuality "1"]

1. b3 Nf6 2. Bb2 d5 3. e3 c5 4. Nf3 Nc6 5. Be2 e6 6. d3 Be7 7. Nbd2 0-0 8. 0-0 b6 9. c4 d4 10. e4 e5 11. h3 Bd7 12. Re1 Qc8 13. Nf1 Bd6 14. Ng3 Ne7 15. a3 Ng6 16. Bc1 h6 17. Rb1 a5 18. a4 Be6 19. Ra1 Qd7 20. Kh2 Ne7 21. Kg1 Ng6 22. Nh2 Kh7 23. Nh5 Rg8 24. Bd2 Qe7 25. Qc1 Bc7 26. Rf1 Nxh5 27. Bxh5 Nf4 28. Bxf4 exf4 29. Bg4 g5 30. Qd1 Kg6 31. Re1 Be5 32. Bf5+ Bxf5 33. exf5+ Kxf5 34. Qe2 h5 35. Qxh5 f6 36. Qe2 Kg6 37. Ng4 Rge8 38. Qe4+ Kg7 39. Qc6 Qd6 40. Nxe5 1-0

[Event "RSA-ch U20 Girls"]
[Site "Cape Town"]
[Date "2019.12.08"]
[Round "3"]
[White "Boshoma, Chisomo"]
[Black "Bouwer, Dane"]
[Result "1-0"]
[WhiteElo "1367"]
[BlackElo "1155"]
[PlyCount "109"]
[EventDate "2019.12.07"]
[EventType "tourn"]
[EventRounds "10"]
[EventCountry "RSA"]
[SourceTitle "CBM 193 Extra"]
[Source "ChessBase"]
[SourceDate "2020.01.31"]
[SourceVersion "1"]
[SourceVersionDate "2020.01.31"]
[SourceQuality "1"]

1. e4 e6 2. d4 d5 3. e5 c5 4. c3 Nc6 5. Nf3 cxd4 6. cxd4 Bb4+ 7. Nc3 Nge7 8. Bd3 0-0 9. 0-0 Nf5 10. Bxf5 exf5 11. Qb3 Bxc3 12. bxc3 Na5 13. Qc2 Be6 14. Ng5 Qc7 15. Qd3 h6 16. Nh3 Rac8 17. Bd2 Nc4 18. Bc1 f6 19. Nf4 Qf7 20. exf6 Qxf6 21. Qg3 Bf7 22. Qf3 Rfd8 23. Nd3 b6 24. Re1 Re8 25. Bf4 g5 26. Be5 Nxe5 27. Nxe5 Re6 28. Qxd5 Rec6 29. Nxc6 Bxd5 30. Ne7+ Kg7 31. Nxc8 g4 32. Re5 Qc6 33. Rc1 Qxc8 34. Rxd5 Qe6 35. c4 f4 36. Re5 Qd6 37. Re4 h5 38. g3 f3 39. c5 bxc5 40. dxc5 Qd2 41. Rec4 Qxa2 42. c6 h4 43. c7 hxg3 44. hxg3 Qa6 45. Rxg4+ Kf7 46. c8Q Qxc8 47. Rxc8 Ke6 48. Rf4 a5 49. Rc5 a4 50. Rxa4 Kd6 51. Rh5 Kc6 52. Ra6+ Kb7 53. Rg6 Kc7 54. Rh7+ Kd8 55. Rg8# 1-0

[Event "African-ch U12 Girls"]
[Site "Kisumu"]
[Date "2018.08.13"]
[Round "2.1"]
[White "Boshoma, Chisomo"]
[Black "Ndagire, Mary Kevin"]
[Result "1-0"]
[WhiteElo "1089"]
[BlackElo "1502"]
[PlyCount "139"]
[EventDate "2018.08.12"]
[EventType "swiss"]
[EventRounds "9"]
[EventCountry "KEN"]
[SourceTitle "EXT 2024"]
[Source "ChessBase"]
[SourceDate "2023.10.10"]
[SourceVersion "1"]
[SourceVersionDate "2023.10.10"]
[SourceQuality "1"]

1. e4 c5 2. Nf3 a6 3. d4 cxd4 4. Nxd4 e5 5. Nb3 b5 6. Be2 Nf6 7. Bg5 Be7 8. Bxf6 Bxf6 9. Nc3 Bb7 10. Bd3 0-0 11. 0-0 d6 12. Re1 Nd7 13. Qf3 Nb6 14. Rad1 Nc4 15. Bxc4 bxc4 16. Nd2 Qc7 17. Qg4 h6 18. Re3 Qe7 19. Rh3 Kh7 20. Qh5 Rh8 21. Nf3 Kg8 22. Rg3 Bc6 23. Nd2 g6 24. Qe2 Bb7 25. Nxc4 Rd8 26. Rgd3 Qc7 27. Rxd6 Rxd6 28. Rxd6 Kg7 29. Rd1 Rb8 30. b3 h5 31. Nd5 Bxd5 32. Rxd5 Rd8 33. Rxd8 Bxd8 34. Ne3 Qc6 35. Qd3 Bc7 36. Qc4 Qb6 37. Nd5 Qd6 38. Qxc7 Qa3 39. Qc4 Qc1+ 40. Qf1 Qxc2 41. Qxa6 Qxe4 42. Ne3 Qb4 43. Qa4 Qb7 44. b4 f5 45. Qa5 Kf6 46. Qb6+ Qxb6 47. Nd5+ Ke6 48. Nxb6 Kd6 49. a4 Kc6 50. a5 Kb5 51. Kf1 e4 52. Ke2 f4 53. f3 e3 54. g3 g5 55. gxf4 gxf4 56. Nd5 Kc6 57. Nxf4 h4 58. Kxe3 Kb5 59. Ng6 h3 60. Nf4 Ka6 61. Nxh3 Kb5 62. f4 Kxb4 63. a6 Kc5 64. a7 Kd6 65. a8Q Ke6 66. Ke4 Kf6 67. Qe8 Kg7 68. Kf5 Kh7 69. Kf6 Kh6 70. Qg6# 1-0

[Event "RSA-ch U10 Girls"]
[Site "Gauteng"]
[Date "2017.04.06"]
[Round "3"]
[White "Ras, Marise Edua"]
[Black "Boshoma, Chisomo"]
[Result "1-0"]
[WhiteElo "738"]
[BlackElo "564"]
[PlyCount "28"]
[EventDate "2017.04.05"]
[EventType "swiss"]
[EventRounds "11"]
[EventCountry "RSA"]
[SourceTitle "CBM 177 Extra"]
[Source "ChessBase"]
[SourceDate "2017.04.27"]
[SourceVersion "1"]
[SourceVersionDate "2017.04.27"]
[SourceQuality "1"]

1. d4 d5 2. Bf4 Nc6 3. e3 Nf6 4. h3 Bf5 5. Nd2 e6 6. Be2 Bb4 7. c3 Be7 8. Ngf3 0-0 9. 0-0 Nh5 10. Bh2 Nf6 11. Nb3 Ne4 12. Nfd2 Qd7 13. Nc5 Qe8 14. Ncxe4 dxe4 1-0